000 00628nam a22002057a 4500
999 _c5849
_d5849
003 AR-CdUCM
008 190313b ||||| |||| 00| 0 spa d
040 _aMUNICIPALIDAD PROVINCIAL DEL CUSCO
_cBIBLIOTECA MUNICIPAL DEL CUSCO
082 _a869.56 /
_bC547
100 _aChevarria, Luis Alberto
_917297
245 _aQuiquijana y Otros Poemas /
260 _aLima :
_bEx-libris ;
_c1956.
300 _a35 páginas ;
_c17cm
500 _aDonación de la familia Nieto
505 _aContenido: Poesía
650 _aPoesía cusqueña
_92323
650 _aLiteratura cusqueña
_910596
942 _2ddc
_cLIBROS
945 _anom